000146494 001__ 146494
000146494 005__ 20241122150939.0
000146494 037__ $$aTAZ-TFG-2024-3444
000146494 041__ $$aspa
000146494 1001_ $$aPérez Álvarez, Marina
000146494 24200 $$aConflicts between renowned brands: analysis of the cases Guess vs Gucci and Guess vs Prada.
000146494 24500 $$aConflictos entre marcas renombradas: análisis de los asuntos Guess vs Gucci y Guess vs Prada.
000146494 260__ $$aZaragoza$$bUniversidad de Zaragoza$$c2024
000146494 506__ $$aby-nc-sa$$bCreative Commons$$c3.0$$uhttp://creativecommons.org/licenses/by-nc-sa/3.0/
000146494 520__ $$aA través de este trabajo, se pretende proporcionar una comprensión profunda de las estrategias legales que emplean las grandes firmas de moda del sector del lujo para salvaguardar sus derechos de marca. Además, el estudio se complementa con un enfoque práctico mediante la examinación detallada de los casos de estudio reales de conflictos de marcas renombradas entre Guess vs Gucci y Guess vs Prada, ilustrando cómo se afrontan y resuelven dichos conflictos. El objetivo es analizar las marcas de renombre examinando las distintas formas de protección legal disponibles y su potencial adaptación al ámbito textil de la industria de la moda, tomando en consideración la legislación vigente, la doctrina jurídica y la jurisprudencia, y evaluando a su vez su viabilidad y efectividad a través de asuntos contemporáneos y los posibles conflictos derivados de los derechos de propiedad intelectual.<br />
000146494 521__ $$aPrograma conjunto en ADE/DERECHO (Grados)
000146494 540__ $$aDerechos regulados por licencia Creative Commons
000146494 691__ $$a0
000146494 692__ $$a
000146494 700__ $$aLargo Gil, Rita$$edir.
000146494 7102_ $$aUniversidad de Zaragoza$$bDerecho de la Empresa$$cDerecho Mercantil
000146494 8560_ $$f775947@unizar.es
000146494 8564_ $$s604979$$uhttps://zaguan.unizar.es/record/146494/files/TAZ-TFG-2024-3444.pdf$$yMemoria (spa)
000146494 909CO $$ooai:zaguan.unizar.es:146494$$pdriver$$ptrabajos-fin-grado
000146494 950__ $$a
000146494 951__ $$adeposita:2024-11-22
000146494 980__ $$aTAZ$$bTFG$$cDER
000146494 999__ $$a20240710123708.CREATION_DATE